Mission accomplished : a story in words and pictures of the 321st Glider Field Artillery Battalion in World War II.

Bibliographic Details
Corporate Author: United States. Army. 321st Glider Field Artillery Battalion
Format: Book
Language:English
Published: Nashville, Tenn. : Battery Press, 1977.
Series:Airborne series ; 3.
Subjects:

MARC

Tag First Indicator Second Indicator Subfields
LEADER 00000cam a2200000 a 4500
001 in00001261021
005 20151003094159.0
008 871002r19771945tnuabc 000 0 eng d
035 |a (OCoLC)16799410 
035 |9 AGV7555AM 
040 |a DLM  |c DLM  |d TXA  |d UtOrBLW 
043 |a e------ 
045 |a x3x4 
049 |a TXAS [mil] 
090 |a D769.34 321st  |b .A5 1977 
110 1 |a United States.  |b Army.  |b 321st Glider Field Artillery Battalion. 
245 1 0 |a Mission accomplished :  |b a story in words and pictures of the 321st Glider Field Artillery Battalion in World War II. 
264 1 |a Nashville, Tenn. :  |b Battery Press,  |c 1977. 
300 |a 111 pages :  |b illustrations, map, portraits ;  |c 29 cm. 
336 |a text  |b txt  |2 rdacontent 
337 |a unmediated  |b n  |2 rdamedia 
338 |a volume  |b nc  |2 rdacarrier 
490 1 |a Airborne series ;  |v 3 
500 |a Reprint. Originally printed: Salzburg : R. Kiesel, 1945. 
650 0 |a World War, 1939-1945  |x Aerial operations, American. 
650 0 |a World War, 1939-1945  |x Regimental histories  |z United States. 
830 0 |a Airborne series ;  |v 3. 
999 |a MARS 
999 f f |s 00693d4d-fbab-3ba7-a1bf-94ecc952c6e2  |i d1f6746d-f44b-3ef0-b4a0-8b12199c01e5  |t 0 
952 f f |p noncirc  |a Texas A&M University  |b College Station  |c Cushing Memorial Library & Archives  |d Cushing: Ragan Military (Does not check out)  |t 0  |e D769.34 321st .A5 1977  |h Library of Congress classification  |i unmediated -- volume  |m A14852665463 
998 f f |a D769.34 321st .A5 1977  |t 0  |l Cushing: Ragan Military (Does not check out)